000 00895nam a22002177a 4500
999 _c9285
_d9285
003 AR-CdUCM
008 190327b ||||| |||| 00| 0 spa d
020 _a978-9972-2739-3-3
040 _aMUNICIPALIDAD PROVINCIAL DEL CUSCO
_cBIBLIOTECA MUNICIPAL DEL CUSCO
082 _a361 /
_bP96
110 _aBanco Mundial
_98413
245 _aProtección social en el Perú :
_b¿Como mejorar el resultado para los pobres? /
260 _aLima :
_c2007.
300 _a75 paginas ;
_c25 cm.
505 _aContenido :El patrón de de la exclusión y la vulnerabilidad en el Perú --La red de protección social en el Perú --El impacto re distributivo y sobre la pobreza de los programas alimentarios en el Perú --La vía hacia adelante /
650 _aProtección social
_925391
650 _aProblemas sociales
_92254
650 _aBienestar social
_96974
942 _2ddc
_cLIBROS
945 _arjall